000
00473nam a2200181Ia 4500
008
090123s9999 xx 000 0 und d
082
_b
3731
100
_a
श्रीनिवासन
245
_a
सुब्बण्ण
250
_a
1
260
_c
1974
300
_a
103
600
_a
श्रीनिवासन
630
_a
सुब्बण्ण
700
_a
श्रीनिवासन
730
_a
सुब्बण्ण
942
_c
BOOK
999
_c
41810
_d
41810